000 00650nam a2200241Ia 4500
003 OSt
005 20221007080518.0
006 a|||||r|||| 00| 0
007 ta
008 221006b |||||||| |||| 00| 0 eng d
024 _a29,022
037 _cTextual
040 _aFLL
_cFLL
_beng
041 _2eng
_aeng
082 _aV2,8:3.N7, L8
100 _aDey Bata K.
245 0 _aBureaucracy, development and public management in India
250 _a1st
260 _aNew Delhi
_bUppal Publishing House India
_c1978
300 _axiv,334p
_ccm.
942 _hV2,8:3.N7, L8
_cTEXL
_2CC
999 _c1159925
_d1159925